000 00751nam a2200277 a 4500
003 AR-BaBNM
005 20251128203258.0
008 082120s2002 ||||||||||||||000 | spa||
040 _cAR-BaBNM
100 1 _aGilbert, Roger
245 0 0 _aEl hijo en la escuela primaria
260 _aBuenos Aires
_bHuemul
_c1980
300 _a121 p.
490 0 _aPadres y educadores
650 4 _aEDUCACION FAMILIAR
650 4 _aRELACION FAMILIA-ESCUELA
650 4 _aEDUCACION DE LOS PADRES
650 4 _aPAPEL DE LA ESCUELA
650 4 _aENSEÑANZA DE LAS MATEMATICAS
650 4 _aEDUCACION FISICA
653 _aENSENANZA DE LA LENGUA
653 _aEDUCACION PRIMARIA
800 1 _aRey, Rosa María
_edirector
942 _cBK
998 _cRaquel
999 _c2688
_d2688